Abbreviations as a Modern Phenomenon in Business Jargon

Stručnost, kompaktnosť, prezentácia a hospodárne používanie jazyka sa označilo ako jeden z najčastejších spoločných čŕt obchodného diskurzu mnohých autorov. Aby sa zvýšila produktivita, spôsob komunikácie a najmä v oblasti práce alebo spôsobov podnikania, ale aj v rámci výmeny jednoduchých neformáln...

Descripción completa

Guardado en:
Detalles Bibliográficos
Autor principal: Kapráliková, Ivana, 1974-
Formato: Capítulo de libro
Lenguaje:inglés
Materias:
Etiquetas: Agregar Etiqueta
Sin Etiquetas, Sea el primero en etiquetar este registro!

MARC

LEADER 00000naa$a2200000$$$4500
001 0294201
005 20250219083930.7
041 0 |a eng 
044 |a UA 
245 1 0 |a Abbreviations as a Modern Phenomenon in Business Jargon  |c Ivana Kapráliková 
520 |a Stručnost, kompaktnosť, prezentácia a hospodárne používanie jazyka sa označilo ako jeden z najčastejších spoločných čŕt obchodného diskurzu mnohých autorov. Aby sa zvýšila produktivita, spôsob komunikácie a najmä v oblasti práce alebo spôsobov podnikania, ale aj v rámci výmeny jednoduchých neformálnych správ, je tendencia šetriť jazyk, čo šetrí čas a vynakladá sa najmenej úsilia na komunikáciu. 
610 2 0 |a obchod 
610 2 0 |a korešpondencia 
610 2 0 |a analýzy 
610 2 0 |a jazyk materinský 
610 2 0 |a jazyk obchodný 
610 2 0 |a jazykoveda 
100 1 |a Kapráliková, Ivana, 1974-